000 00341 a2200157 4500
001 190972
020 _a978-85-10-04607-7
040 _cMagnum
100 _aCasasanta, Therezinha
240 1 0 _aAviso ao rei leão
_lpor
245 1 0 _aAviso ao rei leão
300 _a24
362 0 _a2009
697 _aLITERATURA INFANTIL
942 _cBK
999 _c190972
_d190972